[Event "Airthings Masters KO 2020"]
[Site "Online"]
[Date "2020.12.28"]
[Round "1.2"]
[White "Carlsen, Magnus"]
[Black "Dubov, Daniil"]
[Result "1/2-1/2"]
[WhiteElo "2862"]
[BlackElo "2699"]
[Annotator "TA"]
[PlyCount "152"]
[EventDate "2020.12.26"]
[EventType "k.o."]
[EventCountry "NET"]
[SourceTitle "playchess.com"]
[Source "ChessBase"]
[SourceQuality "1"]

{[%evp 15,152,14,12,0,0,0,3,0,13,3,6,-7,0,1,8,7,17,0,0,6,18,19,29,21,22,-6,-16,-8,-12,-16,-7,-30,-20,-43,-36,-40,0,-1,0,-7,15,11,15,10,34,36,38,45,146,68,87,20,21,21,21,25,102,34,37,42,42,42,42,31,42,5,16,0,0,0,206,166,151,208,188,188,311,314,299,295,283,184,247,243,510,212,228,0,0,0,0,0,0,0,0,0,0,0,0,0,0,0,0,0,0,0,0,0,0,0,0,0,0,0,0,0,0,-28000,-28000,-28000,-28000,-28000,-28000,-28000,-28000,-28000,-28000,-28000,-28000,-28000,-28000,-28000,-28000,-28000,-28000,-28000,-28000,-28000,-28000]} 1. e4 e5 2. Nf3 Nc6 3. Nc3 Nf6 4. Bb5 Nd4 5. O-O Nxb5 6. Nxb5 c6 7. Nc3 d6 8. d4 Qc7 9. Bg5 {C48: Four Knights: 4 Bb5, replies other than 4...Bb4.} Be7 10. a4 h6 {[#]} 11. Bh4 $146 {The position is equal.} ({Predecessor:} 11. Bxf6 Bxf6 12. d5 O-O 13. Qd3 Be7 14. Nd2 Bd7 15. a5 Rac8 16. a6 b5 17. dxc6 Bxc6 18. Nxb5 Bxb5 19. Qxb5 Qxc2 {½-½ (44) Perez Ponsa,F (2554)-Pichot,A (2630) chess24.com INT 2020}) 11... Nh5 12. Bxe7 Qxe7 13. a5 Nf4 14. Ne2 Nxe2+ 15. Qxe2 O-O 16. Rfd1 Bg4 17. h3 Bxf3 18. Qxf3 Rad8 19. a6 b6 20. Ra3 exd4 21. Rxd4 Qe5 22. Rad3 c5 23. Rd5 Qxb2 24. Qe2 Rfe8 25. e5 c4 26. Rd1 Rc8 {[%cal Re8e5]} 27. Rxd6 Qxe5 28. Qxe5 Rxe5 $11 {[%mdl 4096] Endgame KRR-KRR} 29. Rd7 Rce8 30. Rxa7 Re1+ $1 31. Rxe1 Rxe1+ $14 {KR-KR} 32. Kh2 {And now Rc7 would win.} Ra1 33. Kg3 ({Better is} 33. Ra8+ $16 Kh7 34. a7) 33... b5 $1 $11 34. Ra8+ Kh7 35. a7 Kg6 {[#]} (35... b4 $11 {keeps the balance.}) 36. Kf4 (36. c3 $1 $16) 36... b4 $1 $14 37. Rb8 Rxa7 38. Rxb4 Rc7 39. Ke3 Kf5 40. Kd4 Re7 41. Rxc4 Re2 42. g4+ Kg5 $2 (42... Ke6 $11 {and Black has nothing to worry.}) 43. Rc5+ $18 Kf6 44. Rf5+ Ke6 45. c4 g6 (45... Rd2+ $142 46. Kc3 Ra2) 46. Rf3 Rd2+ 47. Kc3 Ra2 {Hoping for ...Ra3+.} 48. Kb3 Rd2 (48... Ra8 $142 49. Rd3 Rb8+ 50. Ka4 Rc8) 49. Kb4 f5 $2 (49... Rb2+ 50. Kc5 f5) 50. Re3+ (50. gxf5+ $142 gxf5 51. c5) 50... Kd6 51. f3 (51. gxf5 $18 gxf5 52. c5+ Kc6 53. Re6+ Kd7 {[#]} 54. Kc3 $1 (54. Rxh6 Rxf2 55. Kc4 f4 $16) 54... Rxf2 55. Rd6+ (55. Rxh6 f4 $16) 55... Kc8 56. Rxh6) 51... Rb2+ $11 52. Rb3 (52. Kc3 {looks sharper.} Rh2 53. Kd4 Rxh3 54. c5+ Kc7 55. gxf5 gxf5 56. Kd5) 52... Rh2 53. Rd3+ Kc6 54. gxf5 (54. f4 {seems wilder.} fxg4 55. hxg4 Rb2+ 56. Kc3 Rf2 57. Rd4) 54... gxf5 55. Rd5 Rxh3 56. Rxf5 h5 57. Rf6+ Kd7 58. Kb5 h4 59. c5 {aiming for c6+.} Rh1 60. c6+ Ke7 61. Rh6 h3 62. Rh7+ Kd6 63. c7 Rc1 $1 64. Kb6 $2 {[%mdl 8192]} (64. f4 $11) 64... h2 65. Rh6+ Kd7 66. Rxh2 Rb1+ {Mate.} 67. Kc5 Kxc7 68. Rd2 Rc1+ 69. Kb4 Rc6 70. Rd3 Rf6 71. Kc5 Rf8 72. Kc4 Kc6 73. Kc3 Rf5 74. Kd2 Rd5 75. Ke3 Rxd3+ 76. Kxd3 Kd5 {[%mdl 32768] Quite a comeback for Black.  Weighted Error Value: White=0.21/Black=0.21. An unexpected result.} 1/2-1/2

[Event "Airthings Masters KO 2020"]
[Site "Online"]
[Date "2020.12.28"]
[Round "1.2"]
[White "Nepomniachtchi, Ian"]
[Black "Radjabov, Teimour"]
[Result "0-1"]
[WhiteElo "2784"]
[BlackElo "2765"]
[Annotator "TA"]
[PlyCount "102"]
[EventDate "2020.12.26"]
[EventType "k.o."]
[EventCountry "NET"]
[SourceTitle "playchess.com"]
[Source "ChessBase"]
[SourceQuality "1"]

{[%evp 9,102,28,38,25,53,64,58,55,63,48,44,36,83,41,11,25,26,-8,0,-29,-25,-51,0,-27,-16,-69,74,100,79,8,14,0,-6,-276,-270,-276,-280,-265,-258,-267,-271,-279,-280,-274,-258,-270,-250,-271,-264,-277,-272,-245,-266,-392,-391,-399,-374,-477,-477,-477,-475,-473,-471,-466,-463,-893,-893,-864,-381,-320,-359,-302,-180,-596,-595,-1285,-1231,-2213,-4614,-2073,-1753,-29976,-29976,-29983,-29984,-29984,-29985,-29985,-29986,-29986,-29987,-29987,-29988,-29988,-29989]} 1. e4 b6 2. d4 Bb7 3. Nc3 e6 4. Nf3 d6 5. a4 a6 6. Bd3 {B00: Queen's Fianchetto Defence, Nimzowitsch Defence.} Nd7 7. O-O {[#]} h6 $146 ({Predecessor:} 7... Ne7 8. Re1 h6 9. b4 g5 10. b5 a5 11. e5 dxe5 12. Be4 Bxe4 13. Nxe4 Bg7 {0-1 (50) Astaneh Lopez,A (2430)-Howell,D (2698) Balagna 2019}) 8. Re1 {White is slightly better.} Ngf6 9. h3 Be7 10. Bf4 g5 11. Bh2 g4 12. hxg4 Nxg4 13. d5 Rg8 14. dxe6 (14. Qe2 {is interesting.} Bh4) 14... fxe6 15. Bc4 Rg6 (15... Bh4 $15 16. g3 Qf6) 16. Ne2 Nxh2 (16... Bxe4 $2 17. Nf4 $18) 17. Nxh2 ({White should try} 17. Kxh2 $11 e5 18. Ng3) 17... Bg5 {[#]} (17... Bxe4 $2 18. Nf4 $18) (17... Bh4 $1 $15 {stays ahead.} 18. Nf4 Bxf2+ $1 19. Kxf2 Qf6) 18. Nd4 $1 $16 {[%cal Rd4e6]} Nf8 19. Qh5 (19. a5 $16) 19... Qf6 $11 20. e5 Qf7 {...Be3! is the strong threat.} 21. exd6 $2 {[%mdl 8192] [#] Now White is beyond hope.} (21. Ng4 $1 $11 {and White stays safe.} d5 22. Be2) 21... Be3 $1 $19 {[%mdl 576] Double Attack} 22. d7+ Nxd7 23. Ng4 {[#]} Bxf2+ $40 {[%mdl 640] Black goes for the king.} 24. Kh1 Bxe1 ({Less strong is} 24... Bxd4 25. Bxe6 Rxe6 26. Rxe6+ Kf8 27. Rg6 $15 (27. Qxh6+ $2 Bg7 $19)) 25. Rxe1 {[#]} O-O-O $1 26. Bxe6 {[#]} Rxe6 {[%mdl 512]} 27. Qxf7 Rxe1+ 28. Kh2 Re4 29. Qg7 h5 30. Nh6 Kb8 31. c3 (31. Qg5 $142 Rc8 32. Ndf5) 31... Ne5 32. a5 bxa5 33. Ne6 {[#]} Nf3+ $1 {[%mdl 576] Discovered Attack} 34. gxf3 Rxe6 {[%mdl 64] Discovered Attack} 35. Nf5 Re2+ 36. Kg3 Rxb2 37. Nd4 (37. Kf4 $142) 37... h4+ 38. Kxh4 Rb6 (38... a4 $142 39. Kg3 a3) 39. Kg3 a4 {[%cal Ba5a4,Ba4a3][%mdl 32]} 40. Qe7 Rdd6 (40... Rd5 $142 41. Qe8+ Ka7 42. Qxa4 c5) 41. Nf5 $2 (41. Qe8+ Ka7 42. Qxa4) 41... Rd3 42. Qf8+ Ka7 43. Qc5 Rd5 44. Qf8 a3 45. Ne7 Rg5+ {Black mates.} 46. Kf4 Ra5 47. Nc8+ Bxc8 48. Qxc8 Rc6 49. Qe8 Rc4+ 50. Kg3 a2 51. Qe3+ Rcc5 {Weighted Error Value: White=0.72/Black=0.22} 0-1

[Event "Airthings Masters KO 2020"]
[Site "Online"]
[Date "2020.12.28"]
[Round "1.2"]
[White "Vachier-Lagrave, Maxime"]
[Black "So, Wesley"]
[Result "1/2-1/2"]
[WhiteElo "2784"]
[BlackElo "2770"]
[Annotator "TA"]
[PlyCount "207"]
[EventDate "2020.12.26"]
[EventType "k.o."]
[EventCountry "NET"]
[SourceTitle "playchess.com"]
[Source "ChessBase"]
[SourceQuality "1"]

{[%evp 9,207,22,25,18,12,9,17,-5,32,19,46,29,50,49,49,47,48,48,50,49,48,48,49,50,36,0,0,0,79,58,66,18,34,29,37,49,48,0,0,-12,-5,-123,-129,-120,-31,-8,0,0,0,0,0,-15,-29,-17,-31,-165,-170,-175,-170,-192,-185,-193,-192,-192,-192,-190,-192,-272,-264,-263,0,0,0,0,0,0,0,0,0,0,0,0,0,0,0,0,0,0,0,0,8,8,61,56,197,128,128,128,122,120,120,120,120,120,128,128,128,120,128,127,128,128,121,129,130,129,158,158,158,158,158,158,158,158,158,158,154,120,120,41,41,41,120,120,112,112,112,22,22,22,139,8,8,8,8,8,8,8,8,8,8,8,8,8,8,8,8,8,8,8,8,8,8,0,8,8,8,8,8,0,0,0,8,8,8,8,8,8,8,8,8,8,8,8,8,8,8,0,8,0,8,8,8,8,8,8,8,8,8,8]} 1. e4 e5 2. Nf3 Nc6 3. Bb5 Nf6 4. d3 Bc5 5. Bxc6 dxc6 6. Nbd2 {C65: Ruy Lopez: Berlin Defence (3...Nf6), unusual lines and 4 0-0 Bc5.} Nd7 7. Nc4 f6 8. Be3 {[#]} Bd6 $146 ({Predecessor:} 8... Bxe3 9. Nxe3 Nc5 10. O-O O-O 11. Qe2 Ne6 12. Rfd1 c5 13. c3 b6 14. Qc2 Kh8 15. Qb3 c6 16. a4 Nf4 17. Qc2 Ba6 18. Ne1 {½-½ (18) Stevic,H (2615)-Pap,M (2488) Gunja 2014}) 9. d4 Qe7 10. dxe5 Nxe5 11. Nfxe5 Bxe5 12. Qh5+ g6 13. Qe2 b6 14. Nxe5 Qxe5 15. O-O-O Qxe4 16. Rhe1 Kf7 17. Qd2 (17. Rd4 $5 {[%cal Rd4e4]} Qe6 18. Qd3 $14) 17... Qf5 18. Qc3 Be6 (18... c5 $1 $11) 19. Qxc6 (19. Rd4 $5 {[%cal Rd4f4]} Qa5 20. Qxa5 bxa5 21. Ra4 $14) 19... Rac8 20. h3 Rhd8 $1 21. Rxd8 Rxd8 22. Qxc7+ Rd7 23. Qc3 Qd5 $1 24. b3 Qxg2 25. Kb2 (25. h4 $1 $11 {keeps the balance.}) 25... Qxh3 $17 26. Qc8 g5 (26... Qf5 $17 27. f4 (27. Bh6 $2 g5 $17) 27... Kg7) 27. f4 $1 $132 {[%mdl 2048] White has counterplay} (27. Bc1 $2 Qf5 $19) 27... Qh4 28. Bd2 {[%mdl 64] Pin} Qf2 29. Bb4 Qd4+ 30. Bc3 Qxf4 31. Qh8 Qf5 32. Rh1 (32. Rf1 $1 $15 Qxf1 33. Qxh7+ Ke8 34. Qh8+ {[%mdl 64] Double Attack} Kf7 35. Qh7+ Ke8 36. Qh8+ {[%mdl 64] Double Attack} Kf7 37. Qh7+) 32... Kg6 $19 33. Qe8+ Kg7 34. Re1 Bf7 35. Qe2 {With the idea Rf1.} Rd6 36. Rf1 Qd7 37. Qf3 {[%cal Rc3f6]} Qc6 38. Qg3 (38. Qe3 $142 h6 39. Rf2) 38... Bg6 39. Re1 Re6 (39... h5 $19 {...Kh6 is the strong threat.} 40. Qe3 Qc7) 40. Rxe6 $11 Qxe6 41. Qxg5 Qf5 42. Qg2 Qe4 43. Qf2 Qf5 44. Qh2 Qd7 45. Qf4 Qe7 46. Bd4 h5 47. a4 Kf7 48. Qb8 Qd7 49. c3 h4 {next ...h3 is good for Black.} 50. Qh8 Qf5 (50... Qe7 $11) 51. Qxh4 $14 a5 (51... Qc2+ $14 52. Ka3 Qc1+ 53. Kb4 Qg5) 52. Qh1 (52. c4 $1 $18) 52... b5 53. Qb7+ {[%mdl 64] Double Attack} Kg8 54. Qa8+ (54. Qxb5 $2 {is a self mate.} Qb1+ 55. Ka3 Qa1#) 54... Kg7 55. Qxa5 bxa4 56. Qxa4 Qe6 57. Qa7+ Bf7 58. c4 Kg6 59. Qc5 Be8 60. Ka3 Qa6+ 61. Kb4 $1 Qb7+ 62. Qb6 Qxb6+ 63. Bxb6 $16 {[%mdl 4096] Endgame KB-KB} Kf5 64. Bd4 Ke4 65. Kc3 $1 ({Much less strong is} 65. Bxf6 $6 Kf5 $16) 65... Kf5 66. b4 Ke6 67. b5 Kd6 68. Bb6 Kd7 69. c5 (69. Kb4 $16) 69... Bh5 $1 $14 70. Kd3 Bf3 {[#]} ({Better is} 70... Bd1 $14) 71. Ba5 $1 $16 Bg2 72. Kd4 f5 73. Ke5 ({White should try} 73. Be1 $16) 73... f4 $11 74. Kd4 f3 {[#]} (74... Ke6 $11) 75. c6+ (75. Be1 $1 $16 f2 76. Bxf2) 75... Kd6 {And now ...f2 would win.The position is equal.} 76. Bb4+ Kc7 {Strongly threatening ...f2.} 77. Kc5 {b6+ would kill now.} f2 78. b6+ Kb8 79. Bc3 {Intending b7 and mate.} f1=Q $1 {[%cal Rf1f5] ( -> ...Qf5+)} 80. Be5+ Kc8 {Hoping for ...Qc1+.} 81. b7+ Kd8 82. b8=Q+ Ke7 83. Qd6+ Kf7 84. Qd7+ Kg6 85. Qg4+ (85. c7 {with more complications.} Qg1+ 86. Bd4 Qc1+ 87. Kb5 Qb1+ 88. Ka5) 85... Kf7 86. Qd7+ (86. c7 {looks sharper.} Qc1+ 87. Kb4 Qb1+ 88. Ka5 Qa2+ 89. Kb5) 86... Kg6 87. Kd6 {White threatens Qg4+ and mate.} (87. c7 {is interesting.} Qf2+ 88. Bd4 Qf8+ 89. Kb5 Qf1+ 90. Ka5) 87... Qf8+ 88. Kc7 {aiming for Qg4+.} Qf3 89. Kd8 {Threatening Qe6+.} (89. Ba1 {feels hotter.} Kh5 90. Qh7+ Kg4 91. Qg6+ Kh3 92. Qh6+) 89... Qf8+ 90. Kc7 {Threatens to win with Qg4+.} Qf3 91. Qg7+ Kf5 92. Qf6+ Ke4 93. Qe6 Kd3 94. Qb3+ Ke4 95. Bc3 Kf5 96. Qf7+ Ke4 97. Qc4+ Kf5 98. Qf7+ Ke4 99. Qc4+ (99. Qxf3+ {keeps more tension.} Bxf3 100. Bg7 Bg4 101. Kd6 Kd3 102. c7) 99... Kf5 100. Qc5+ Kg4 101. Qd4+ Qf4+ 102. Qxf4+ Kxf4 103. Kd6 Bxc6 104. Kxc6 {Quite a comeback for White.  Weighted Error Value: White=0.13/Black=0.17} 1/2-1/2

[Event "Airthings Masters KO 2020"]
[Site "Online"]
[Date "2020.12.28"]
[Round "1.2"]
[White "Aronian, Levon"]
[Black "Nakamura, Hikaru"]
[Result "1-0"]
[WhiteElo "2781"]
[BlackElo "2736"]
[Annotator "TA"]
[PlyCount "69"]
[EventDate "2020.12.26"]
[EventType "tourn"]
[EventCountry "NET"]
[SourceTitle "playchess.com"]
[Source "ChessBase"]
[SourceQuality "1"]

{[%evp 9,69,8,26,8,16,0,3,1,8,0,-10,-8,-12,-21,-31,-16,-31,-32,0,0,0,-20,44,22,94,82,91,81,87,85,115,129,122,101,120,137,202,197,288,287,282,270,282,270,285,273,267,250,314,321,352,347,313,319,622,614,653,653,627,576,678,647]} 1. d4 Nf6 2. Nf3 d5 3. Bf4 e6 4. e3 Bd6 5. Nbd2 c5 6. Bb5+ {D02: 1 d4 d5 2 Nf3 sidelines, including 2...Nf6 3 g3 and 2...Nf6 3 Bf4.} Nc6 $1 7. Bxc6+ $5 {[%mdl 4] A promising side line.} bxc6 {[#]} 8. Bxd6 $146 {The position is equal.} ({Predecessor:} 8. Ne5 Bb7 9. c3 Rc8 10. O-O O-O 11. Qf3 Qe7 12. Bg5 Kh8 13. Qh3 Qc7 14. f4 {0-1 (64) Pak,K-Karsiyaka,S Konya 2008}) 8... Qxd6 9. Nb3 cxd4 10. exd4 Nd7 11. Qd2 O-O 12. Qc3 f6 13. O-O-O Ba6 14. Rhe1 Rfe8 15. Re3 Rac8 (15... e5 $11) 16. Rde1 Kf7 (16... Bc4 $1 $11 {remains equal.}) 17. Nc5 $16 {Black is now going downhill.} Nxc5 18. Qxc5 Qxc5 19. dxc5 Ra8 20. Nd4 {[%mdl 64] Double Attack} e5 21. Nf5 $36 {[%mdl 2048] White is in control.} ({Reject} 21. Nxc6 $6 Rec8 $11) 21... Red8 22. f4 Bc8 (22... e4 $16) 23. Nd6+ $18 Rxd6 (23... Ke6 $142 24. fxe5 f5) 24. cxd6 {[%mdl 4096] Endgame KRR-KRB} e4 25. c4 Ke6 26. c5 Ba6 27. Ra3 Bb5 28. b4 {[%cal Bb2b4,Bb4b5][%mdl 32]} Kf5 29. Ra5 Bc4 30. a4 a6 31. g4+ Kxf4 $2 {[#]} (31... Ke6 32. Kd2 g5) 32. b5 $1 {White is clearly winning.} cxb5 33. c6 Ke5 34. c7 {d7 is the strong threat.} Ke6 {[#] Strongly threatening ...bxa4.} 35. Rxa6 $1 {[%mdl 512] Weighted Error Value: White=0.05/Black=0.34} 1-0

[Event "Airthings Masters KO 2020"]
[Site "Online"]
[Date "2020.12.28"]
[Round "1.2"]
[White "So, Wesley"]
[Black "Vachier-Lagrave, Maxime"]
[Result "1-0"]
[WhiteElo "2770"]
[BlackElo "2784"]
[Annotator "TA"]
[PlyCount "127"]
[EventDate "2020.12.26"]
[EventType "tourn"]
[EventCountry "NET"]
[SourceTitle "playchess.com"]
[Source "ChessBase"]
[SourceQuality "1"]

{[%evp 11,127,24,24,20,41,19,20,29,31,35,39,27,40,40,32,29,49,49,49,49,52,46,43,49,55,57,73,64,80,72,89,81,83,67,70,66,75,65,74,36,114,113,114,107,124,123,121,107,113,107,96,108,98,89,125,93,93,100,100,100,100,105,86,85,89,82,79,0,84,84,82,81,79,77,82,82,82,81,81,64,79,72,72,72,68,64,66,61,64,58,235,219,226,224,283,273,296,0,404,404,404,404,395,381,1303,1258,930,0,753,0,1040,1074,5193,5102,1803,1641,1004,959]} 1. Nf3 Nf6 2. c4 g6 3. Nc3 d5 4. cxd5 Nxd5 5. Qb3 Nb6 6. d4 Bg7 7. Bf4 {D90: Grünfeld: 4 Nf3 Bg7 sidelines.} Be6 8. Qa3 Nc6 9. e3 {The position is equal.} O-O 10. Be2 a5 11. Qc5 Nd5 12. Nxd5 Qxd5 13. Qc3 {[#]} a4 $146 ({Predecessor:} 13... Rfc8 14. O-O Qf5 15. a3 a4 16. Rac1 Bb3 17. Bg3 Qa5 18. Nd2 Bd5 19. Qd3 Rd8 {1-0 (38) Pultinevicius,P (2422)-Laurusas,T (2465) Liepaja 2018}) 14. O-O Qd7 15. b4 axb3 16. axb3 Bd5 17. b4 {[%cal Bb3b4,Bb4b5][%mdl 32]} Qf5 18. Bd3 Qd7 {White should prevent ...Rxa1.} 19. Rxa8 Rxa8 20. b5 Nd8 21. Qxc7 Qxc7 22. Bxc7 Ne6 23. Bg3 Ra3 24. Rd1 f5 25. Be5 Bxf3 ({Black should play} 25... f4 $14) 26. gxf3 $16 {Bc4 is the strong threat.} Bxe5 27. dxe5 $14 {[%mdl 4096] Endgame KRB-KRN} Rc3 28. f4 Nc5 29. Bf1 Kf7 30. Rd8 Ne4 31. Bd3 Nc5 32. Be2 Rc2 33. Bf1 Ne4 34. Bd3 Rc1+ 35. Kg2 Nc5 36. Bf1 Ne4 37. Rh8 h6 38. Rh7+ (38. Rxh6 $6 Kg7 $11) 38... Kf8 39. Rh8+ Kf7 $1 40. Bd3 (40. Rxh6 $6 Kg7 $11) 40... Nc5 {[#]} 41. Be2 Rc2 42. Bf3 Rb2 43. Rh7+ Kf8 44. Bd5 {And now Rh8+ would win.} e6 45. Bc4 Rc2 46. Bf1 Ne4 47. Bd3 ({Much worse is} 47. Rxh6 Kg7 $11) 47... Rxf2+ 48. Kg1 Rf3 49. Rxb7 Rxe3 50. Bc4 g5 $2 {[#]} ({Better is} 50... Re1+ $1 $14 51. Kg2 Rb1) 51. b6 $1 $18 {Strongly threatening Rc7.} ({Less strong is} 51. Bxe6 Nc5 $14) 51... Re1+ 52. Kg2 {Hoping for Rc7.} Rb1 53. Bxe6 Rb2+ 54. Kg1 $2 ({Only move:} 54. Kf3 $18) 54... Nc5 $2 {[%mdl 8192]} (54... Rb1+ $1 $11 {and Black has nothing to worry.} 55. Kg2 Rb2+ 56. Kf3 Rf2+ 57. Ke3 gxf4+ 58. Kd4 Rd2+ 59. Kc4 Rc2+ 60. Kb3 Rc6 61. Rf7+ Kg8) 55. Rb8+ Ke7 56. Bxf5 gxf4 57. Rc8 Na6 {[#]} (57... Rb5 58. Rc7+ Kd8) 58. Rc7+ $1 {[%mdl 512]} Ke8 59. Rc8+ Ke7 60. Rc7+ $2 Kf8 $2 {[%mdl 8192]} ({But not} 60... Nxc7 $2 61. bxc7 Rc2 62. Bxc2 $18) (60... Ke8 $11) 61. Rc6 {White is clearly winning.} f3 62. b7 Rxb7 63. Rxa6 f2+ 64. Kf1 {Weighted Error Value: White=0.27/Black=0.20} 1-0

[Event "Airthings Masters KO 2020"]
[Site "Online"]
[Date "2020.12.28"]
[Round "1.2"]
[White "Radjabov, Teimour"]
[Black "Nepomniachtchi, Ian"]
[Result "1-0"]
[WhiteElo "2765"]
[BlackElo "2784"]
[Annotator "TA"]
[PlyCount "63"]
[EventDate "2020.12.26"]
[EventType "tourn"]
[EventCountry "NET"]
[SourceTitle "playchess.com"]
[Source "ChessBase"]
[SourceQuality "1"]

{[%evp 22,63,20,10,10,13,10,10,18,14,4,0,16,19,26,28,320,335,316,330,318,327,298,302,294,163,183,162,156,154,225,211,213,216,215,185,179,147,279,286,889,882,873,872]} 1. Nf3 c5 2. c4 Nc6 3. e3 Nf6 4. Nc3 e6 5. d4 d5 6. cxd5 Nxd5 7. Bd3 Be7 8. a3 cxd4 9. exd4 O-O 10. O-O b6 11. Qc2 Nf6 12. Rd1 {next d5! is good for White.} h6 {D42: Queen's Gambit Declined: Semi-Tarrasch: 5 cxd5 Nxd5 6 e3 Nc6 7 Bd3 .} 13. d5 exd5 {[#]} 14. Nxd5 $1 Nxd5 {The position is equal.} (14... Qxd5 $2 15. Bh7+ $1 {[%mdl 512]} Nxh7 16. Rxd5 $18) 15. Qxc6 Be6 $1 16. Qa4 {[#]} Qc7 $146 ({Predecessor:} 16... Qd6 17. Qe4 Nf6 18. Qe2 Bd5 19. Be3 Rad8 20. Rac1 Ng4 21. Be4 Nf6 22. Bd3 Qb8 {½-½ (30) Szczepaniak,A (2267)-Kolek,P (2197) ICCF email 2016}) 17. Bd2 Rad8 18. Rac1 $40 {[%mdl 128] White attacks.} Qb7 {[%mdl 8192] A mistake that costs the game.} (18... Qd6 $11 {and Black has nothing to worry.}) 19. Qe4 $18 {[%csl Gd3][%cal Re4h7]} g6 20. Bxh6 Bf5 21. Qa4 Bxd3 22. Bxf8 ({Not} 22. Rxd3 Nf6 $16) 22... Be2 {[#]} 23. Bxe7 (23. Re1 $142 $1 b5 24. Qa5 Rxf8 25. Rxe2) 23... Bxd1 24. Rxd1 ({Don't do} 24. Qxd1 $6 Qxe7 25. Qd4 Nf6 $16) 24... Qxe7 25. Qd4 b5 (25... Rd6 $16 26. g3 Qe6) 26. h4 Rd7 27. Ne5 Rd6 28. g3 a6 29. Ng4 {Strongly threatening Qc5.} Rd7 (29... Qe6 $16 30. f3 Qe2 31. Nh6+ Kf8) 30. Qe5 Qe6 (30... f5 31. Nh6+ Kh7 32. Qxe7+ (32. Rxd5 Qxe5 33. Rxe5 Kxh6 $16) 32... Rxe7) 31. Qxe6 fxe6 {[#]} 32. Rxd5 $1 {[%mdl 512] Weighted Error Value: White=0.12/Black=0.59} 1-0

[Event "Airthings Masters KO 2020"]
[Site "Online"]
[Date "2020.12.28"]
[Round "1.2"]
[White "Nakamura, Hikaru"]
[Black "Aronian, Levon"]
[Result "0-1"]
[WhiteElo "2736"]
[BlackElo "2781"]
[Annotator "TA"]
[PlyCount "73"]
[EventDate "2020.12.26"]
[EventType "tourn"]
[EventCountry "NET"]
[SourceTitle "playchess.com"]
[Source "ChessBase"]
[SourceQuality "1"]

{[%evp 9,73,-9,-8,-16,-13,-46,-46,-45,-13,-32,0,0,0,0,0,0,0,-4,0,-35,-16,-61,-33,-35,-7,-7,-8,-12,0,-5,0,-13,16,0,0,0,0,0,0,0,0,-266,-264,-272,-268,-272,-266,-258,-165,-175,-178,-165,-156,-175,-171,-283,-291,-284,-259,-379,-360,-373,-374,-361,-354,-458]} 1. Nf3 d5 2. g3 Nf6 3. Bg2 g6 4. d3 Bg7 5. Bd2 {[#]} Nc6 $146 ({Predecessor:} 5... O-O 6. Qc1 Re8 7. O-O c5 8. c4 d4 9. Na3 Nc6 10. Nc2 e5 11. b3 e4 12. Nh4 Bd7 {0-1 (45) Pirttimaki,T (2285)-Oim,T (2567) Finland 1995}) 6. Qc1 {A07: Réti Opening: New York and Capablanca Systems.} e5 7. Bh6 Bxh6 8. Qxh6 {Black is slightly better.} Ng4 9. Qd2 e4 (9... f5 {feels hotter.} 10. e3 Qe7 11. Nc3 Nf6 12. O-O-O Bd7) 10. dxe4 dxe4 11. Qxd8+ Nxd8 12. Nd4 f5 13. Nc3 Ne6 14. Nb3 Bd7 15. Bh3 Nf6 16. f3 exf3 17. exf3 O-O-O 18. Kf2 b6 19. Bf1 Bc6 20. Re1 Nd4 21. Ba6+ Bb7 22. Nxd4 Bxa6 23. Rd1 Rhe8 24. a4 Bb7 {Threatening ...Ng4+!} 25. a5 $2 {[%mdl 8192] [#]} (25. Ncb5 $11 {and White has nothing to worry.} Bd5 26. Rhe1) 25... Ng4+ $1 $19 {[%mdl 512]} 26. fxg4 {aiming for Rhe1.} Bxh1 27. axb6 axb6 ({Don't play} 27... cxb6 28. gxf5 gxf5 29. Nxf5 $17) 28. gxf5 gxf5 29. Nxf5 Rxd1 30. Nxd1 {[%mdl 4096] Endgame KRB-KNN} Be4 31. Nde3 Kd7 32. g4 (32. Nd4 $142) 32... Ra8 33. Ng3 Bg6 34. Ngf5 (34. Kf3 $142) 34... Bxf5 {Black is winning.} 35. gxf5 Kd6 36. Kf3 Ke5 37. Kg4 {Weighted Error Value: White=0.33/Black=0.09} 0-1